Normal view
MARC view
- Rabbani M.A Group Captain(Retd)
Entry Personal Name
001 - CONTROL NUMBER
- control field: 9214
003 - CONTROL NUMBER IDENTIFIER
- control field: NUST
005 - DATE AND TIME OF LATEST TRANSACTION
- control field: 20180120141701.0
008 - FIXED-LENGTH DATA ELEMENTS
- fixed length control field: 180120|| aca||aabn | a|a d
040 ## - CATALOGING SOURCE
- Original cataloging agency: NUST
- Transcribing agency: NUST
100 ## - HEADING--PERSONAL NAME
- Personal name: Rabbani M.A Group Captain(Retd)
670 ## - SOURCE DATA FOUND
- Source citation: Work cat.: (NUST)328103: Rabbani M.A Group Captain(Retd), My Years In Blue Uniform (1941-1966), [n.d]
